<?xml version="1.0" encoding="UTF-8"?>
<record
    xmlns:xsi="http://www.w3.org/2001/XMLSchema-instance"
    xsi:schemaLocation="http://www.loc.gov/MARC21/slim http://www.loc.gov/standards/marcxml/schema/MARC21slim.xsd"
    xmlns="http://www.loc.gov/MARC21/slim">

  <leader>01809nam a2200301 a 4500</leader>
  <controlfield tag="001">000048971</controlfield>
  <controlfield tag="003">DO-SdBNP</controlfield>
  <controlfield tag="005">20210524121734.0</controlfield>
  <controlfield tag="008">190510s2018    dr      r     000 0 spa d</controlfield>
  <datafield tag="020" ind1=" " ind2=" ">
    <subfield code="a">9789945503333</subfield>
  </datafield>
  <datafield tag="040" ind1=" " ind2=" ">
    <subfield code="a">BPMSU </subfield>
    <subfield code="b">spa</subfield>
    <subfield code="c">BPMSU</subfield>
  </datafield>
  <datafield tag="082" ind1=" " ind2=" ">
    <subfield code="a">972.9304</subfield>
    <subfield code="b">C957g</subfield>
    <subfield code="2">22</subfield>
  </datafield>
  <datafield tag="100" ind1="1" ind2=" ">
    <subfield code="a">Cruz, Juan de la,</subfield>
    <subfield code="d">1963-</subfield>
  </datafield>
  <datafield tag="245" ind1="1" ind2="3">
    <subfield code="a">La guerra de la restauraci&#xF3;n :</subfield>
    <subfield code="b">triunfo del pueblo dominicano en armas /</subfield>
    <subfield code="c">Juan de la Cruz.</subfield>
  </datafield>
  <datafield tag="260" ind1=" " ind2=" ">
    <subfield code="a">Santo Domingo :</subfield>
    <subfield code="b">Ministerio de Culutra;</subfield>
    <subfield code="b">Ediotora Nacional,</subfield>
    <subfield code="c">2018.</subfield>
  </datafield>
  <datafield tag="300" ind1=" " ind2=" ">
    <subfield code="a">332 p. ;</subfield>
    <subfield code="c">21 cm.</subfield>
  </datafield>
  <datafield tag="490" ind1="0" ind2=" ">
    <subfield code="a">Historia</subfield>
  </datafield>
  <datafield tag="500" ind1=" " ind2=" ">
    <subfield code="a">Incluye datos biogr&#xE1;ficos del autor en la solapa de la cubierta</subfield>
  </datafield>
  <datafield tag="500" ind1=" " ind2=" ">
    <subfield code="a">Jurado : Marcio Veloz Maggiolo, C&#xE9;sar Cuello y Jos&#xE9; Antinoe Fiallo.</subfield>
  </datafield>
  <datafield tag="505" ind1=" " ind2=" ">
    <subfield code="a">La anexi&#xF3;n de la Rep&#xFA;blica Dominicana a Espa&#xF1;a-- Primeros conatos de rebeli&#xF3;n popular contra la anexi&#xF3;n -- Caracter&#xED;sticas de la guerra, actores sociales y l&#xED;deres restauradores -- Tipos de guerra y m&#xE9;todos de lucha -- Log&#xED;sticas del ej&#xE9;rcito restaurador -- Las acciones de Capotillo y la L&#xED;nea Noroeste -- La batalla decisiva de Santiago de los Caballeros -- Las batallas pertinaces de Puerto Plata -- Retorno y exilio diplom&#xE1;tico involuntario del general Juan Pablo Duarte -- Principales batallas y combates en el frente Este --  Principales acciones y batallas en el frente Sur -- Derrota de las tropas espa&#xF1;olas y evacuaci&#xF3;n desde Santo Domingo -- Bibliograf&#xED;a. </subfield>
  </datafield>
  <datafield tag="586" ind1=" " ind2=" ">
    <subfield code="a">Premio Anual de Historia Jos&#xE9; Gabriel Garc&#xED;a, 2017</subfield>
  </datafield>
  <datafield tag="590" ind1=" " ind2=" ">
    <subfield code="a">Inventariado, 2021/VM</subfield>
  </datafield>
  <datafield tag="650" ind1=" " ind2=" ">
    <subfield code="a"> </subfield>
  </datafield>
  <datafield tag="651" ind1=" " ind2="4">
    <subfield code="a"> Rep&#xFA;blica Dominicana</subfield>
    <subfield code="x">Historia</subfield>
    <subfield code="y">Restauraci&#xF3;n 1863-1865</subfield>
  </datafield>
  <datafield tag="710" ind1="2" ind2=" ">
    <subfield code="a">Ministerio de Culutra (Rep&#xFA;blica Dominicana)</subfield>
  </datafield>
  <datafield tag="711" ind1="2" ind2=" ">
    <subfield code="a">Premio Anual de Historia Jos&#xE9; Gabriel Garc&#xED;a </subfield>
    <subfield code="d">(2017:</subfield>
    <subfield code="c">Santo Domingo)</subfield>
  </datafield>
  <datafield tag="942" ind1=" " ind2=" ">
    <subfield code="2">ddc</subfield>
    <subfield code="c">BK</subfield>
  </datafield>
  <datafield tag="952" ind1=" " ind2=" ">
    <subfield code="0">0</subfield>
    <subfield code="1">0</subfield>
    <subfield code="2">ddc</subfield>
    <subfield code="4">0</subfield>
    <subfield code="7">0</subfield>
    <subfield code="8">CD</subfield>
    <subfield code="a">BPMET</subfield>
    <subfield code="b">BPMET</subfield>
    <subfield code="d">2021-05-24</subfield>
    <subfield code="e">Editora Nacional </subfield>
    <subfield code="l">0</subfield>
    <subfield code="o">BPMSU CD 972.9304 C957g 2018</subfield>
    <subfield code="p">BPMSU21050139</subfield>
    <subfield code="r">2021-05-24</subfield>
    <subfield code="w">2021-05-24</subfield>
    <subfield code="y">BK</subfield>
  </datafield>
  <datafield tag="952" ind1=" " ind2=" ">
    <subfield code="0">0</subfield>
    <subfield code="1">0</subfield>
    <subfield code="2">ddc</subfield>
    <subfield code="4">0</subfield>
    <subfield code="7">0</subfield>
    <subfield code="8">CD</subfield>
    <subfield code="a">BPMET</subfield>
    <subfield code="b">BPMET</subfield>
    <subfield code="d">2021-05-24</subfield>
    <subfield code="e">Editora Nacional </subfield>
    <subfield code="l">0</subfield>
    <subfield code="o">BPMSU CD 972.9304 C957g 2018</subfield>
    <subfield code="p">BPMSU21050140</subfield>
    <subfield code="r">2021-05-24</subfield>
    <subfield code="t">e.2</subfield>
    <subfield code="w">2021-05-24</subfield>
    <subfield code="y">BK</subfield>
  </datafield>
  <datafield tag="952" ind1=" " ind2=" ">
    <subfield code="0">0</subfield>
    <subfield code="1">0</subfield>
    <subfield code="2">ddc</subfield>
    <subfield code="4">0</subfield>
    <subfield code="7">0</subfield>
    <subfield code="8">CD</subfield>
    <subfield code="a">BPMET</subfield>
    <subfield code="b">BPMET</subfield>
    <subfield code="d">2021-05-24</subfield>
    <subfield code="l">0</subfield>
    <subfield code="o">BPMSU CD 972.9304 C957g 2018</subfield>
    <subfield code="p">BPMSU21050141</subfield>
    <subfield code="r">2021-05-24</subfield>
    <subfield code="t">e.3</subfield>
    <subfield code="w">2021-05-24</subfield>
    <subfield code="y">BK</subfield>
  </datafield>
  <datafield tag="999" ind1=" " ind2=" ">
    <subfield code="c">13522</subfield>
    <subfield code="d">13522</subfield>
  </datafield>
</record>
